000 00862nas a2200277 4500
001 BR2012007205
003 BR-BrBNA
005 20231205121222.0
007 ta
008 230509b bl.|||p| |||| 00| 00por d
040 _aBR-BrBNA
_bpor
_cBiblioteca Nacional de Agricultura
041 _a(Pt)
072 _aE13; E70; E14
100 1 _aArraes, R. de A. e
100 1 _aSilva, L. de F.B. da
245 1 _aDemanda por microcrédito no nordeste: atuação dos pequenos empresários
650 _aCRÉDITO
650 _aDEMANDA
650 _aEMPRÉSTIMO
650 _aEMPRESA COMERCIAL
650 _aDESENVOLVIMENTO SÓCIO-ECONÔMICO
650 _aNORDESTE
773 0 _tRevista Econômica do Nordeste (Brazil)
_xISSN 0100-4956
_g(Apr-Jun 2010), v. 41(2) p. 375-395
_wBR2012007205
909 _a202311
_bLúcia
_c55
_dLúcia Elande
942 _2AGRIS
_n0
_cANA
999 _c222393
_d222393